Sociální kontrola a právo /

Hlavní autor: Urbanová, Martina, 1962-
Jazyk: Čeština
Vydáno: Brno : Masarykova univerzita, 1998
Vydání: Vyd. 1.
Edice: Edice učebnic Právnické fakulty Masarykovy univerzity v Brně
Témata:
Externí odkaz: Digitalizovaný dokument
Fyzický popis: 125 s. : il. ; 21 cm
Knihy
Uloženo v:
LEADER 02113nam a2200457 a 4500
001 000389306
003 CZ BrMZK
005 20210408144215.0
007 ta
008 020625s1998 xr a e p 0 cze d
015 |a cnb000655594 
020 |a 80-210-1947-6  |q (brož.) 
035 |a (OCoLC)44148479 
040 |a CBA001  |b cze  |d ABA001  |d BOA001 
072 7 |a 316.33  |x Ekonomická sociologie. Sociologie institucí, lidských sídel a komunit  |2 Konspekt  |9 18 
072 7 |a 37.016  |x Učební osnovy. Vyučovací předměty. Učebnice  |2 Konspekt  |9 22 
080 |a 343.97  |2 MRF 
080 |a 316.334.4  |2 MRF 
080 |a (075.8)  |2 MRF 
100 1 |a Urbanová, Martina,  |d 1962-  |7 mzk2003217628  |4 aut 
245 1 0 |a Sociální kontrola a právo /  |c Martina Urbanová 
250 |a Vyd. 1. 
260 |a Brno :  |b Masarykova univerzita,  |c 1998 
300 |a 125 s. :  |b il. ;  |c 21 cm 
490 1 |a Edice učebnic Právnické fakulty Masarykovy univerzity v Brně ;  |v č. 207 
500 |a 540 výt. 
504 |a Obsahuje bibliografii 
500 |a Dostupné též v digitální podobě v aplikaci Kramerius 
650 0 7 |a kriminologie  |7 ph121957  |2 czenas 
650 0 7 |a právní sociologie  |7 ph115912  |2 czenas 
655 7 |a učebnice vysokých škol  |7 fd133772  |2 czenas 
830 0 |a Edice učebnic Právnické fakulty Masarykovy univerzity v Brně 
856 4 1 |u http://www.digitalniknihovna.cz/mzk/uuid/uuid:c33b0f00-8268-11ec-bc36-005056827e51  |y Digitalizovaný dokument  |x NDK 
910 |a BOA001  |b 2-1054.658  |b PK-0132.234 
920 |a 000423852 
990 |a BK 
996 6 |b 2610084966  |c 2-1054.658  |l MZK  |r Sklad / do 1 hodiny  |n 14  |p p.v.  |w 000389306  |u 000010  |a 1  |e BOA001  |j MZK50  |s P 
996 7 |b 2610087857  |c 2-1054.658  |l MZK  |r Sklad / do 1 hodiny  |n 24  |p kup  |w 000389306  |u 000030  |a 1  |e BOA001  |j MZK50  |s A 
996 7 |b 2610087858  |c 2-1054.658  |l MZK  |r Sklad / do 1 hodiny  |n 26  |p kup  |w 000389306  |u 000040  |a 1  |e BOA001  |j MZK50  |s A 
996 7 |b 2610087859  |c 2-1054.658  |l MZK  |r Sklad / do 1 hodiny  |n 27  |p kup  |w 000389306  |u 000050  |a 1  |e BOA001  |j MZK50  |s A 
996 7 |b 3119017242  |c PK-0132.234  |l MZK  |r Sklad / do 1 hodiny  |n 18  |p kup  |w 000389306  |u 000060  |a 1  |e BOA001  |j MZK50  |s A